000 00702nam a2200241Ia 4500
003 OSt
005 20220918202630.0
006 a|||||r|||| 00| 0
007 ta
008 220917b |||||||| |||| 00| 0 eng d
024 _a102,666
037 _cTextual
040 _aARTS
_cARTS
_beng
041 _2eng
_aeng
082 _aV237,61:35y7N7, L9-;1
100 _aHoshiar Singh
_9104685
245 0 _aState supervision over municipal administration
_b a case study of Rajasthan
260 _aNew Delhi
_bAssociated Pub House
_c1979
300 _axi,191p.
_ccm.
650 _aHISTORY
942 _hV237,61:35y7N7, L9-;1
_cTEXL
_2CC
999 _c226117
_d226117